| 000 | 00897nam a22002297i 4500 | ||
|---|---|---|---|
| 003 | URS | ||
| 005 | 20220114153622.0 | ||
| 008 | 190216b ||||| |||| 00| 0 eng d | ||
| 040 |
_beng _erda _cURS Pililla Library |
||
| 082 | 0 | 0 | _bT BSBA HRDM18 2014 |
| 100 | 1 |
_aAbella, Lilia Rey R. _eresearcher |
|
| 245 | 1 | 4 |
_aThe human resource management practices of the local government offices in the province of Rizal/ _cLilia Rey R. Abella |
| 300 |
_axv, 97 leaves; _c28 cm. |
||
| 336 |
_atext _btxt _2rdacontent |
||
| 337 |
_aunmediated _bn _2rdamedia |
||
| 338 |
_avolume _bnc _2rdacarrier |
||
| 502 |
_aThesis _bBachelor of Science in Business Administration Major in Human Resource Development Management _cUniversity of Rizal System Pililla |
||
| 700 | 1 |
_aBayron, Mikee P. _eresearcher |
|
| 700 | 1 |
_aMontinola, Jane Amerie R. _eresearcher |
|
| 700 | 1 |
_aSantos, Ma. Cecilia L. _eadviser |
|
| 942 |
_2ddc _cT |
||
| 999 |
_c9084 _d9084 |
||